[Event "UKR-ch 91st"]
[Site "Poltava"]
[Date "2023.12.12"]
[Round "4"]
[White "Dehtiarov, Roman"]
[Black "Rybakov, Sergey"]
[Result "1-0"]
[WhiteElo "2320"]
[BlackElo "1879"]
[PlyCount "91"]
[EventDate "2023.12.09"]
[EventType "swiss"]
[EventRounds "9"]
[EventCountry "UKR"]
[SourceTitle "CB51_2023"]
[SourceDate "2023.12.20"]
[SourceVersion "1"]
[SourceVersionDate "2023.12.20"]
[SourceQuality "1"]

1. d4 Nf6 2. Bg5 Ne4 3. Bf4 d5 4. e3 Nd7 5. Bd3 c5 6. Bxe4 dxe4 7. Nc3 cxd4 8. Qxd4 f6 9. Bg3 e5 10. Qxe4 Nc5 11. Qd5 Qb6 12. 0-0-0 Be6 13. Qd2 Be7 14. Nf3 Rc8 15. Kb1 Qa6 16. b3 Nxb3 17. cxb3 Bb4 18. Qe2 Qc6 19. Na4 Bf5+ 20. Ka1 Bc2 21. Nb2 Qc3 22. Qb5+ Rc6 23. Bxe5 fxe5 24. Qxe5+ Qxe5 25. Nxe5 Rf6 26. Rc1 Bf5 27. e4 Be6 28. f3 0-0 29. Rhd1 Rh6 30. h3 Rb8 31. Nd7 Ra8 32. Nc5 Bf7 33. Nxb7 Rg6 34. Rc2 Rb8 35. Rd8+ Rxd8 36. Nxd8 Be8 37. Nb7 Kf8 38. Nd3 Be7 39. Nbc5 a5 40. Kb2 h5 41. Nf4 Rd6 42. Nd5 Bg5 43. Nb7 Ra6 44. Rc8 Kf7 45. Rxe8 Rg6 46. Rc8 1-0

[Event "Zhukovsky op 04"]
[Site "Zhukovsky"]
[Date "2014.??.??"]
[Round "2"]
[White "Andreev, Gennadiy"]
[Black "Rybakov, Sergey"]
[Result "1-0"]
[WhiteElo "1884"]
[BlackElo "2006"]
[PlyCount "62"]
[EventDate "2014.04.??"]
[EventType "swiss"]
[EventRounds "9"]
[EventCountry "RUS"]
[SourceTitle "EXT 2016"]
[Source "ChessBase"]
[SourceDate "2015.10.08"]
[SourceVersion "1"]
[SourceVersionDate "2015.10.08"]
[SourceQuality "1"]

1. c4 b6 2. Nc3 Bb7 3. d4 e6 4. e4 Bb4 5. f3 f5 6. exf5 Nh6 7. Bxh6 Qh4+ 8. g3 Qxh6 9. fxe6 Qe3+ 10. Be2 dxe6 11. Qd3 Qh6 12. Kf2 Nc6 13. d5 exd5 14. cxd5 Bc5+ 15. Kg2 Ne7 16. f4 0-0-0 17. Bf3 Rhf8 18. Nh3 Kb8 19. Ng5 Nf5 20. Rhe1 Nh4+ 21. gxh4 Qxh4 22. Re2 Rf6 23. Re6 Rxf4 24. Nge4 Be7 25. Rf1 Bc8 26. Re5 Bh3+ 27. Kh1 Rdf8 28. Nd2 Bxf1 29. Qxf1 Bd6 30. Re2 g5 31. Qg2 g4 1-0

[Event "Zhukovsky Winter op"]
[Site "Zhukovsky"]
[Date "2014.??.??"]
[Round "1"]
[White "Beliy, Gennady"]
[Black "Rybakov, Sergey"]
[Result "1-0"]
[WhiteElo "1789"]
[BlackElo "2006"]
[PlyCount "43"]
[EventDate "2014.11.22"]
[EventType "swiss"]
[EventRounds "9"]
[EventCountry "RUS"]
[SourceTitle "EXT 2016"]
[Source "ChessBase"]
[SourceDate "2015.10.08"]
[SourceVersion "1"]
[SourceVersionDate "2015.10.08"]
[SourceQuality "1"]

1. e4 c5 2. Nf3 Nc6 3. d4 cxd4 4. Nxd4 Nf6 5. Nc3 d6 6. Be2 Bd7 7. 0-0 g6 8. Kh1 Bg7 9. Be3 h5 10. h3 Rc8 11. f4 h4 12. f5 Ne5 13. Bf4 Qb6 14. Rb1 Qa5 15. fxg6 fxg6 16. Be3 Rxc3 17. bxc3 Nxe4 18. Rxb7 Ng3+ 19. Kg1 Qxc3 20. Rb8+ Bc8 21. Bb5+ Kd8 22. Ne6# 1-0

[Event "Zhukovsky op 04"]
[Site "Zhukovsky"]
[Date "2014.??.??"]
[Round "7"]
[White "Kots, Dmitry"]
[Black "Rybakov, Sergey"]
[Result "0-1"]
[WhiteElo "1797"]
[BlackElo "2006"]
[PlyCount "96"]
[EventDate "2014.04.??"]
[EventType "swiss"]
[EventRounds "9"]
[EventCountry "RUS"]
[SourceTitle "EXT 2016"]
[Source "ChessBase"]
[SourceDate "2015.10.08"]
[SourceVersion "1"]
[SourceVersionDate "2015.10.08"]
[SourceQuality "1"]

1. e4 c5 2. Nf3 Nc6 3. Nc3 d6 4. Bc4 g6 5. b3 Bg7 6. Bb2 e6 7. Rb1 Nge7 8. 0-0 0-0 9. Ne2 e5 10. Kh1 h6 11. c3 d5 12. Bd3 dxe4 13. Bxe4 f5 14. Bc2 b6 15. d4 e4 16. Nfg1 cxd4 17. cxd4 Nd5 18. Qd2 Ba6 19. Rfd1 Qd6 20. f3 e3 21. Qe1 Ncb4 22. Ba3 Rfc8 23. Rb2 Bf8 24. Bb1 Rc6 25. f4 Re8 26. Qg3 Qe6 27. Bxb4 Bxb4 28. a3 Bd2 29. b4 Bc4 30. Rc2 b5 31. Rxc4 bxc4 32. Nf3 c3 33. Bc2 Kh7 34. Qh4 Qf6 35. Qg3 Ra6 36. Ne5 Rxa3 37. Qf3 Nxb4 38. Qb7+ Qe7 39. Nd7 Kg7 40. Bxf5 gxf5 41. Ng3 Rf8 42. Nh5+ Kh8 43. Qb5 e2 44. Rg1 e1Q 45. Ne5 Qxg1+ 46. Kxg1 Ra1+ 47. Kf2 Qh4+ 48. g3 Qxh2+ 0-1

[Event "Zhukovsky Winter op"]
[Site "Zhukovsky"]
[Date "2014.??.??"]
[Round "5"]
[White "Mozgalov, Viktor"]
[Black "Rybakov, Sergey"]
[Result "1-0"]
[WhiteElo "1933"]
[BlackElo "2006"]
[PlyCount "79"]
[EventDate "2014.11.22"]
[EventType "swiss"]
[EventRounds "9"]
[EventCountry "RUS"]
[SourceTitle "EXT 2016"]
[Source "ChessBase"]
[SourceDate "2015.10.08"]
[SourceVersion "1"]
[SourceVersionDate "2015.10.08"]
[SourceQuality "1"]

1. d4 f5 2. Nc3 Nf6 3. Bg5 e6 4. e4 fxe4 5. Nxe4 Be7 6. Bxf6 Bxf6 7. Qh5+ g6 8. Qh6 Qe7 9. 0-0-0 Bg7 10. Qe3 0-0 11. h4 d5 12. Nc3 Qf7 13. Nh3 Nc6 14. h5 e5 15. hxg6 hxg6 16. dxe5 d4 17. Rxd4 Nxd4 18. Qxd4 Bxh3 19. Rxh3 Qf4+ 20. Qxf4 Rxf4 21. Nd5 Rd4 22. Nxc7 Rad8 23. Bd3 R8d7 24. Ne6 Rg4 25. Nxg7 Kxg7 26. g3 Rgd4 27. Kd2 Rb4 28. b3 Rb6 29. Ke3 Rd8 30. Rh4 Re8 31. Re4 Rbe6 32. f4 Rh8 33. Rd4 Rhe8 34. Bc4 R6e7 35. Bd3 Re6 36. Rd7+ R8e7 37. Rxe7+ Rxe7 38. Ke4 Re8 39. g4 Rh8 40. f5 1-0

[Event "Zhukovsky op 04"]
[Site "Zhukovsky"]
[Date "2014.??.??"]
[Round "9"]
[White "Rybakov, Sergey"]
[Black "Rusakov, Grigorij"]
[Result "1/2-1/2"]
[WhiteElo "2006"]
[BlackElo "2174"]
[PlyCount "20"]
[EventDate "2014.04.??"]
[EventType "swiss"]
[EventRounds "9"]
[EventCountry "RUS"]
[SourceTitle "EXT 2016"]
[Source "ChessBase"]
[SourceDate "2015.10.08"]
[SourceVersion "1"]
[SourceVersionDate "2015.10.08"]
[SourceQuality "1"]

1. f4 Nf6 2. Nf3 c5 3. e3 g6 4. b3 Bg7 5. Bb2 0-0 6. d3 Nc6 7. Nbd2 d6 8. g3 Re8 9. c4 e5 10. fxe5 Ng4 1/2-1/2

[Event "UKR-ch sf"]
[Site "Alushta"]
[Date "2011.05.10"]
[Round "8"]
[White "Rybakov, Sergey"]
[Black "Martynov, Roman"]
[Result "0-1"]
[WhiteElo "2005"]
[BlackElo "2222"]
[PlyCount "116"]
[EventDate "2011.05.03"]
[EventType "swiss"]
[EventRounds "9"]
[EventCountry "UKR"]
[SourceTitle "CBM 142 Extra"]
[Source "ChessBase"]
[SourceDate "2011.06.27"]
[SourceVersion "1"]
[SourceVersionDate "2011.06.27"]
[SourceQuality "1"]

1. d4 Nf6 2. c4 e6 3. Nf3 b6 4. a3 d5 5. Nc3 Be7 6. Qc2 c5 7. cxd5 exd5 8. e3 0-0 9. Bd3 Bb7 10. 0-0 Nbd7 11. b3 Re8 12. Bb2 Bf8 13. Bf5 g6 14. Bh3 a6 15. dxc5 bxc5 16. Ne2 Nb6 17. Rfd1 Qe7 18. Nf4 Rad8 19. a4 d4 20. exd4 Bxf3 21. gxf3 cxd4 22. Bxd4 Nbd5 23. Ng2 Nh5 24. Qc1 Qb7 25. Rb1 Bd6 26. Ba1 Qb8 27. Qc4 Nhf6 28. f4 a5 29. Rxd5 Nxd5 30. Qxd5 Bxf4 31. Qf3 Bxh2+ 32. Kh1 Be5 33. Bxe5 Qxe5 34. Ne3 Kg7 35. Bf1 Rd4 36. Kg1 Re6 37. Bh3 Rf6 38. Qg2 h5 39. Re1 Qc5 40. Qg3 Rdf4 41. Re2 Rf3 42. Qh2 g5 43. Bf1 g4 44. Rc2 Qg5 45. Nd1 g3 46. Qg2 Kh6 47. Rc6 gxf2+ 48. Nxf2 Rxc6 49. Qxg5+ Kxg5 50. Bc4 f5 51. Kg2 Rxc4 52. bxc4 Rc3 53. Nh3+ Kg4 54. Nf2+ Kh4 55. Nd1 Rxc4 56. Ne3 Rf4 57. Kg1 Kg5 58. Kg2 Rxa4 0-1

[Event "UKR-ch sf"]
[Site "Alushta"]
[Date "2011.05.08"]
[Round "6"]
[White "Stolpovsky, Sergei"]
[Black "Rybakov, Sergey"]
[Result "1-0"]
[WhiteElo "2153"]
[BlackElo "2005"]
[PlyCount "147"]
[EventDate "2011.05.03"]
[EventType "swiss"]
[EventRounds "9"]
[EventCountry "UKR"]
[SourceTitle "CBM 142 Extra"]
[Source "ChessBase"]
[SourceDate "2011.06.27"]
[SourceVersion "1"]
[SourceVersionDate "2011.06.27"]
[SourceQuality "1"]

1. d4 Nf6 2. c4 g6 3. Nc3 Bg7 4. e4 d6 5. Be2 0-0 6. Nf3 e5 7. d5 a5 8. Bg5 Na6 9. 0-0 h6 10. Bh4 Bd7 11. Nd2 Qb8 12. Re1 Nh7 13. f3 f5 14. a3 Bf6 15. Bf2 Bg5 16. Nf1 Qe8 17. b4 axb4 18. axb4 Nxb4 19. Qb3 Na6 20. Qxb7 Qc8 21. Qxc8 Rfxc8 22. Ra3 Nb4 23. Rea1 Rxa3 24. Rxa3 Bc1 25. Rb3 Na6 26. Nb5 h5 27. Rb1 Bg5 28. Ra1 Nc5 29. Bxc5 dxc5 30. Ra7 fxe4 31. fxe4 Nf6 32. Nxc7 Nxe4 33. Nb5 Bxb5 34. cxb5 c4 35. b6 Bd8 36. Ra6 c3 37. b7 Rb8 38. Bd3 Nc5 39. Rxg6+ Kf7 40. Bc2 Rxb7 41. Rg3 Bb6 42. Kh1 Ba5 43. Ne3 Rb2 44. Rf3+ Ke7 45. h3 Ra2 46. Rf1 Na6 47. Bb3 Ra3 48. d6+ Ke8 49. Bc4 Nc5 50. Nc2 Rb3 51. Bxb3 Nxb3 52. Re1 Kd7 53. Rxe5 Bd8 54. Rxh5 Kxd6 55. g4 Nc5 56. Rf5 Ne4 57. Kg2 Be7 58. Rh5 Bf6 59. h4 Be5 60. g5 Kd5 61. g6 Nf6 62. Rg5 Ke4 63. g7 Ng8 64. h5 Bf6 65. Rg4+ Kd3 66. Nb4+ Kd2 67. Rf4 Be7 68. Rf2+ Kd1 69. Na2 c2 70. Rf8 Nh6 71. Rh8 Bf6 72. Rxh6 Bxg7 73. Rd6+ Ke2 74. h6 1-0

[Event "UKR-ch"]
[Site "Alushta"]
[Date "2010.05.06"]
[Round "4"]
[White "Strygin, Alexandr"]
[Black "Rybakov, Sergey"]
[Result "1/2-1/2"]
[WhiteElo "2261"]
[BlackElo "2034"]
[PlyCount "64"]
[EventDate "2010.05.03"]
[EventType "swiss"]
[EventRounds "9"]
[EventCountry "UKR"]
[SourceTitle "CBM 136 Extra"]
[Source "ChessBase"]
[SourceDate "2010.07.02"]
[SourceVersion "2"]
[SourceVersionDate "2010.07.15"]
[SourceQuality "1"]

1. e4 c5 2. Nf3 Nc6 3. d4 cxd4 4. Nxd4 Nf6 5. Nc3 e5 6. Ndb5 d6 7. Bg5 a6 8. Na3 b5 9. Nd5 Be7 10. Bxf6 Bxf6 11. c3 Bg5 12. Nc2 0-0 13. a4 bxa4 14. Rxa4 Bb7 15. Bd3 Ne7 16. Nce3 Bxe3 17. Nxe3 Bc6 18. Ra3 d5 19. 0-0 dxe4 20. Bxa6 Qb8 21. Qe2 Ng6 22. Rfa1 Ra7 23. Bc4 Rd7 24. g3 Kh8 25. b4 Qd8 26. R1a2 Nf4 27. Qf1 f5 28. Bb5 Bxb5 29. Qxb5 Rd1+ 30. Nxd1 Qxd1+ 31. Qf1 Nh3+ 32. Kg2 Nf4+ 1/2-1/2

[Event "Zhukovsky-A"]
[Site "Zhukovsky"]
[Date "2007.01.07"]
[Round "9"]
[White "Rybakov, Sergey"]
[Black "Anisimov, Aleksandr"]
[Result "1/2-1/2"]
[WhiteElo "2136"]
[BlackElo "2282"]
[PlyCount "88"]
[EventDate "2007.01.03"]
[EventType "tourn"]
[EventRounds "11"]
[EventCountry "RUS"]
[SourceTitle "EXT 2010"]
[Source "ChessBase"]
[SourceDate "2010.11.25"]
[SourceVersion "1"]
[SourceVersionDate "2010.11.25"]
[SourceQuality "1"]

1. Nf3 d5 2. g3 Nf6 3. Bg2 c5 4. c4 e6 5. 0-0 Nc6 6. Na3 Be7 7. d3 0-0 8. Bd2 b6 9. Qe1 Bb7 10. b3 Qd7 11. Nc2 Rac8 12. Bc3 d4 13. Bd2 e5 14. a3 e4 15. Ng5 Ne5 16. Nxe4 Nxe4 17. dxe4 d3 18. Ne3 Bf6 19. Rd1 Nc6 20. Nd5 Nd4 21. exd3 Nxb3 22. Qe2 Bxd5 23. cxd5 Rfe8 24. Qh5 g6 25. Bh3 Qd6 26. Qg4 Rcd8 27. Bg2 Nxd2 28. Rxd2 Bd4 29. Kh1 b5 30. f4 b4 31. axb4 cxb4 32. e5 Qa6 33. d6 b3 34. f5 Bxe5 35. fxg6 fxg6 36. Bd5+ Kh8 37. d7 Rf8 38. Rxf8+ Rxf8 39. Rf2 Qa1+ 40. Kg2 Rxf2+ 41. Kxf2 Bd4+ 42. Ke2 Qb2+ 43. Ke1 Qc1+ 44. Qd1 Qe3+ 1/2-1/2

[Event "Kharkov Caissa op"]
[Site "Kharkov"]
[Date "2003.01.28"]
[Round "7"]
[White "Rybakov, Sergey"]
[Black "Khodotov, Jury"]
[Result "0-1"]
[WhiteElo "2141"]
[BlackElo "2361"]
[PlyCount "72"]
[EventDate "2003.01.21"]
[EventType "swiss"]
[EventRounds "9"]
[EventCountry "UKR"]
[SourceTitle "CBM 092 Extra"]
[Source "ChessBase"]
[SourceDate "2003.03.07"]
[SourceVersion "1"]
[SourceVersionDate "2003.03.07"]
[SourceQuality "1"]

1. d4 Nf6 2. c4 e6 3. Nf3 b6 4. a3 d5 5. cxd5 exd5 6. Nc3 Be7 7. g3 0-0 8. Bg2 Bb7 9. 0-0 Nbd7 10. Nh4 Ne4 11. Nf5 Bf6 12. f3 Nxc3 13. bxc3 g6 14. Nh6+ Kh8 15. e4 Bg7 16. e5 Qe7 17. Re1 Rfe8 18. Bh3 f5 19. Bg5 Qe6 20. Qd3 Rf8 21. g4 Rae8 22. Kh1 f4 23. Qd2 Qc6 24. Bxf4 Bxh6 25. Bxh6 Rxf3 26. Re3 Rxe3 27. Qxe3 Ba6 28. Qf3 Qe6 29. g5 Qe7 30. Re1 Nf8 31. e6 c5 32. Kg1 Kg8 33. Qxd5 cxd4 34. cxd4 Rd8 35. Qe5 Bc4 36. Qf6 Re8 0-1

[Event "Kharkov Caissa op"]
[Site "Kharkov"]
[Date "2000.02.29"]
[Round "4"]
[White "Rybakov, Sergey"]
[Black "Romashko, Andrey"]
[Result "1/2-1/2"]
[WhiteElo "2205"]
[BlackElo "2035"]
[PlyCount "72"]
[EventDate "2000.01.27"]
[EventType "swiss"]
[EventRounds "9"]
[EventCountry "UKR"]
[SourceTitle "EXT 2001"]
[Source "ChessBase"]
[SourceDate "2000.11.22"]
[SourceVersion "1"]
[SourceVersionDate "2000.11.22"]
[SourceQuality "1"]

1. d4 d5 2. Nf3 c6 3. c4 e6 4. g3 f5 5. Bg2 Bd6 6. b3 Nf6 7. 0-0 0-0 8. Bf4 Bxf4 9. gxf4 Bd7 10. Nbd2 Ne4 11. e3 Be8 12. Nxe4 fxe4 13. Ne5 Nd7 14. Qg4 Rf6 15. Qg5 Qb6 16. Rac1 Nf8 17. f3 exf3 18. Rxf3 Bg6 19. cxd5 Rf5 20. Qe7 exd5 21. Rg3 Rf6 22. Bh3 Re8 23. Qa3 Bf5 24. Qb2 Bxh3 25. Rxh3 Qc7 26. Kh1 Qc8 27. Qg2 Qf5 28. Rg3 Re7 29. b4 Qe4 30. a4 Nd7 31. Qxe4 dxe4 32. b5 Nxe5 33. dxe5 Rfe6 34. Rgg1 Rd7 35. bxc6 bxc6 36. Rc4 Rd2 1/2-1/2

[Event "Kharkov Caissa op"]
[Site "Kharkov"]
[Date "2000.01.28"]
[Round "3"]
[White "Budnikov, Oleg"]
[Black "Rybakov, Sergey"]
[Result "1-0"]
[WhiteElo "2363"]
[BlackElo "2205"]
[PlyCount "73"]
[EventDate "2000.01.27"]
[EventType "swiss"]
[EventRounds "9"]
[EventCountry "UKR"]
[SourceTitle "EXT 2001"]
[Source "ChessBase"]
[SourceDate "2000.11.22"]
[SourceVersion "1"]
[SourceVersionDate "2000.11.22"]
[SourceQuality "1"]

1. d4 Nf6 2. c4 g6 3. Nc3 Bg7 4. Bg5 0-0 5. Nf3 d6 6. e3 c5 7. d5 h6 8. Bh4 Na6 9. Be2 Bd7 10. 0-0 Nc7 11. a4 Na6 12. Nd2 Qb6 13. Ra3 Nb4 14. f4 e6 15. e4 Rfe8 16. e5 dxe5 17. fxe5 Nh7 18. a5 Qc7 19. d6 Qc8 20. Bg3 Nc6 21. Nf3 Ng5 22. Nb5 Nxf3+ 23. Raxf3 Rf8 24. Bd3 Qd8 25. Rf6 Qxa5 26. Qf3 Bxf6 27. exf6 Nd4 28. Qe3 Kh7 29. Be1 Qxe1 30. Qxe1 Bxb5 31. cxb5 Rfd8 32. Qe5 b6 33. Rf4 Rd7 34. Rh4 Nf5 35. Bxf5 exf5 36. Qf4 h5 37. Rxh5+ 1-0